000 00299nam a2200157Ia 4500
100 _aHunter/David
250 _a4
942 _cBK
366 _f25
654 _axml
245 _aBeginning XML
260 _bWiley India
_c2007
300 _a1039
546 _aENGLISH
_cComputers
999 _c19239
_d19239